<?xml version="1.0" encoding="UTF-8"?>
<record
    xmlns:xsi="http://www.w3.org/2001/XMLSchema-instance"
    xsi:schemaLocation="http://www.loc.gov/MARC21/slim http://www.loc.gov/standards/marcxml/schema/MARC21slim.xsd"
    xmlns="http://www.loc.gov/MARC21/slim">

  <leader>00994nam a2200193Ia 4500</leader>
  <controlfield tag="008">220820s9999    xx            000 0 und d</controlfield>
  <datafield tag="041" ind1=" " ind2=" ">
    <subfield code="a">chi</subfield>
    <subfield code="h">eng</subfield>
  </datafield>
  <datafield tag="050" ind1=" " ind2=" ">
    <subfield code="a">BR115.C5</subfield>
    <subfield code="b">.S34 1987</subfield>
  </datafield>
  <datafield tag="100" ind1=" " ind2=" ">
    <subfield code="a">Schaeffer, Francis A. </subfield>
  </datafield>
  <datafield tag="245" ind1=" " ind2="0">
    <subfield code="a">&#x798F;&#x97F3;&#x6D3E;&#x5371;&#x6A5F;&#xFF1A;</subfield>
    <subfield code="b">/</subfield>
    <subfield code="c">&#x859B;&#x83EF; (Francis A. Schaeffer) &#x8457;; &#x7A0B;&#x6F84;&#x6D66;&#x8B6F;</subfield>
  </datafield>
  <datafield tag="246" ind1=" " ind2=" ">
    <subfield code="a">&#x798F;&#x97F3;&#x6D3E;&#x5371;&#x673A;</subfield>
    <subfield code="b">/</subfield>
  </datafield>
  <datafield tag="260" ind1=" " ind2=" ">
    <subfield code="a">&#x81FA;&#x5317;&#x5E02; : </subfield>
    <subfield code="b">&#x4E2D;&#x83EF;&#x798F;&#x97F3;&#x795E;&#x5B78;&#x9662;&#xFF0C;</subfield>
    <subfield code="c">1987</subfield>
  </datafield>
  <datafield tag="300" ind1=" " ind2=" ">
    <subfield code="a">161 p.</subfield>
    <subfield code="b">; </subfield>
    <subfield code="c">21 cm. </subfield>
  </datafield>
  <datafield tag="500" ind1=" " ind2=" ">
    <subfield code="a">Translation of: The Great Evangelical Disaster.</subfield>
  </datafield>
  <datafield tag="505" ind1=" " ind2=" ">
    <subfield code="a">The Relationship of the Film and Book 15 -- 1 What Really Matters? 19 -- Part II The Watershed of the Evangelical World -- 2 Marking the Watershed 43 -- 3 The Practice of Truth 67 -- Part III Names and Issues -- 4 Connotations and Compromise 95 -- 5 Forms of the World Spirit 111 -- 6 The Great Evangelical Disaster 141 -- 7 Radicals for Truth 149 -- 8 The Mark of the Christian 155.</subfield>
  </datafield>
  <datafield tag="650" ind1=" " ind2=" ">
    <subfield code="a">Evangelicalism.Church and the world.</subfield>
  </datafield>
  <datafield tag="700" ind1=" " ind2=" ">
    <subfield code="a">&#x859B;&#x83EF;&#x7A0B;&#x6F84;&#x6D66;</subfield>
  </datafield>
  <datafield tag="952" ind1=" " ind2=" ">
    <subfield code="0">0</subfield>
    <subfield code="1">0</subfield>
    <subfield code="4">0</subfield>
    <subfield code="7">0</subfield>
    <subfield code="a">GETS</subfield>
    <subfield code="b">GETS</subfield>
    <subfield code="c"> GEN</subfield>
    <subfield code="d">2022-08-20</subfield>
    <subfield code="l">0</subfield>
    <subfield code="o">BR115.C5 .S34 1987</subfield>
    <subfield code="p">00028860</subfield>
    <subfield code="r">2022-08-20 00:00:00</subfield>
    <subfield code="w">2022-08-20</subfield>
    <subfield code="y">CB</subfield>
  </datafield>
  <datafield tag="999" ind1=" " ind2=" ">
    <subfield code="c">40754</subfield>
    <subfield code="d">40754</subfield>
  </datafield>
</record>
